000
00283nam a2200109Ia 4500
008
200302s9999 xx 000 0 und d
100
_a
Peter Zec (Ed)
245
_a
International Yearbook Communication Design -- 2004--2005
260
_b
Avedition Gmbh
260
_c
2005
300
_a
360
999
_c
4727
_d
4727